The life of reason or the phases of human progress

Guardat en:
Dades bibliogràfiques
Autor principal: Santayana, George (Autor)
Format: Llibre
Idioma:anglès
Publicat: Nueva York Collier 1962
Matèries:
Etiquetes: Afegir etiqueta
Sense etiquetes, Sigues el primer a etiquetar aquest registre!

MARC

LEADER 00000nam a2200000 a 4500
001 UCZ4591
003 CL-VaPUC
008 951110e19620000US |||||||||||||||||eng|d
082 0 4 |a 160  |b SAN  |2 21 
100 0 |a Santayana, George  |e author  |9 347710 
245 1 4 |a The life of reason or the phases of human progress 
300 |a v 
942 |c BK 
945 |d 19951110 00:00:00  |a cmena 
260 |a Nueva York  |b Collier  |c 1962 
500 |a v.1: Reason in common sense 
500 |a v.3: Reason in religion 
500 |a v.4: reason in art 
650 0 |a Lógica  |9 256849 
650 0 |a Teoría del conocimiento   |9 255038 
650 0 |a Epistemología   |9 264994 
650 0 |a Razón   |9 314475 
650 0 |a Cognición   |9 270347 
650 0 |a Inteligencia  |9 267038 
583 |a last modification  |c 19951110 00:00:00  |k Rodrigo Vera 
999 |c 240961  |d 240959 
952 |0 0  |1 0  |4 0  |6 160_000000000000000_SAN_1962  |7 0  |8 P  |9 253093  |a BIBEDU  |b BIBEDU  |c BIBEDU_PB  |d 2019-11-19  |h v.1  |i 1596241  |o 160 SAN 1962  |p 1596241  |r 2024-01-25  |w 2019-11-19  |y BK  |k FIL 
952 |0 0  |1 0  |4 0  |6 160_000000000000000_SAN_1962  |7 0  |8 P  |9 253094  |a BIBEDU  |b BIBEDU  |c BIBEDU_PB  |d 2019-11-19  |h v.3  |i 159625K  |o 160 SAN 1962  |p 159625K  |r 2024-01-25  |w 2019-11-19  |y BK  |k FIL 
952 |0 0  |1 0  |4 0  |6 160_000000000000000_SAN_1962  |7 0  |8 P  |9 253095  |a BIBEDU  |b BIBEDU  |c BIBEDU_PB  |d 2019-11-19  |h v.4  |i 1596233  |o 160 SAN 1962  |p 1596233  |r 2024-01-25  |w 2019-11-19  |y BK  |k FIL